| 000 | 01002nam a22003257a 4500 | ||
|---|---|---|---|
| 001 | BR2015005532 | ||
| 003 | BR-BrBNA | ||
| 005 | 20230928104727.0 | ||
| 007 | ta | ||
| 008 | 230509b bl.||||| |||| 00| 0 por d | ||
| 040 |
_aBR-BrBNA _bpor _cBiblioteca Nacional de Agricultura |
||
| 041 | _a(Por) | ||
| 072 | _aF04 | ||
| 090 | _ F04 BR2015005532 | ||
| 100 | 1 | _aFernández, V. | |
| 100 | 1 | _aSotiropoulos, T. | |
| 100 | 1 | _aBrown, P. | |
| 100 | 1 | _aRodella, A.A. (trad.) | |
| 110 | 1 |
_aAssociação Brasileira das Indústrias de Tecnologia em Nutrição Vegetal, São Paulo, SP (Brasil) _9794 |
|
| 245 | 1 | _aAdubação foliar: fundamentos científicos e técnicas de campo | |
| 250 | 1 | _a1. ed. | |
| 260 | 3 |
_aSão Paulo, SP (Brasil): _c2015. |
|
| 300 | _a150 p. | ||
| 500 | _aBibliography p. 119-150; 20 illus.; 10 tables | ||
| 650 | _aADUBAÇÃO FOLIAR | ||
| 650 | _aPROPRIEDADE FÍSICO-QUÍMICA | ||
| 650 | _aRESPOSTA DA PLANTA | ||
| 909 |
_a202309 _bLucia _c55 _dLucia Elande |
||
| 942 | _cBK | ||
| 999 |
_c81425 _d81425 |
||